Contract law : Selected source materials
Contents: Short title,construction, application and subject matter of the act; General definitions and principles of interpretation; Title creditors and good faith purchasers; Performance...
সংরক্ষণ করুন:
| বিন্যাস: | গ্রন্থ |
|---|---|
| ভাষা: | Undetermined |
| প্রকাশিত: |
St. Paul, Minn.
West Pub. Co.
1997
|
| বিষয়গুলি: | |
| ট্যাগগুলো: |
ট্যাগ যুক্ত করুন
কোনো ট্যাগ নেই, প্রথমজন হিসাবে ট্যাগ করুন!
|
| Thư viện lưu trữ: | Trung tâm Học liệu Trường Đại học Cần Thơ |
|---|
| LEADER | 00759nam a2200205Ia 4500 | ||
|---|---|---|---|
| 001 | CTU_186719 | ||
| 008 | 210402s9999 xx 000 0 und d | ||
| 082 | |a 346.02 | ||
| 082 | |b C759 | ||
| 245 | 0 | |a Contract law : | |
| 245 | 0 | |b Selected source materials | |
| 245 | 0 | |c Edited by Steven J. Burton, Melvin Aron Eisenberg | |
| 260 | |a St. Paul, Minn. | ||
| 260 | |b West Pub. Co. | ||
| 260 | |c 1997 | ||
| 520 | |a Contents: Short title,construction, application and subject matter of the act; General definitions and principles of interpretation; Title creditors and good faith purchasers; Performance... | ||
| 650 | |a Contracts,Hợp đồng | ||
| 650 | |z United States,Mỹ | ||
| 904 | |i Giang | ||
| 980 | |a Trung tâm Học liệu Trường Đại học Cần Thơ | ||